000 00276nam a22001217a 4500
008 181217b xxu||||| |||| 00| 0 eng d
041 _aeng
080 _a701
100 _a44
101 _aART
245 _aThe Colour Library of Art Kandinsky
_cWhitford,F
942 _2udc
_cBK
999 _c53221
_d53221